| 000 | 01440nam a2200397Ia 4500 | ||
|---|---|---|---|
| 001 | Z_6575 | ||
| 003 | CHAP | ||
| 005 | 20230912143411.0 | ||
| 008 | 220113s2013 xx 000 0 und d | ||
| 010 | _a169846 | ||
| 040 | _cCHAP | ||
| 090 | _aTesis C53 2316 | ||
| 100 |
_aCid Benitez, Edgar _9125904 |
||
| 245 |
_aUtilización del ionóforo lasalocida en vacas lecheras durante el periodo de transición / _cEdgar Cid Benitez y Asael Edém de la Rosa Zariñana |
||
| 260 |
_aMéxico : _bEl autor, _c2013 |
||
| 300 | _aCD | ||
| 502 | _atESIS (Ingeniero Agrónomo Espacialista en Zootecnia) -- UACh, 2013 \ Dirección: José Ayala Oseguera; asesoría: Eliseo Sosa Montes y José Luis Zaragoza Ramírez | ||
| 650 |
_aBovino de leche\ _9145231 |
||
| 650 |
_aComposición química _9145200 |
||
| 650 |
_aEstabulación _9145132 |
||
| 650 |
_aGanado bovino _9138033 |
||
| 650 |
_aPerfil metabólico _9145232 |
||
| 650 |
_aPostparto _9145233 |
||
| 650 |
_aPreparto _9145234 |
||
| 650 |
_aRaza holstein _9144922 |
||
| 700 |
_a Ayala Oseguera, José, director _9142196 |
||
| 700 |
_a Sosa Montes, Eliseo, asesor _9143277 |
||
| 700 |
_a Zaragoza Ramírez, José Luis, asesor _9143236 |
||
| 700 |
_aRosa Zariñana, Asael Edém de la, coaut. _9145235 |
||
| 856 | 4 | 2 |
_uhttp://10.13.5.2/tesis/sist108856.pdf _yDescargar PDF |
| 901 | _aTESIS C53 2316 | ||
| 902 | _aA | ||
| 910 | _a2013 | ||
| 942 |
_c2 _2ddc |
||
| 942 |
_c2 _2ddc |
||
| 999 |
_c169846 _d169846 |
||